Aktuálne zdravotné a produkčné problémy hovädzieho dobytka v intenzívnych podmienkach chovu 15. vedecká konferencia VŠV

Podrobná bibliografia
Korporatívny autor: Aktuálne zdravotné a produkčné problémy hovädzieho dobytka v intenzívnych podmienkach chovu Košice, Slovensko
Médium: Konferenčný príspevok Kniha
Jazyk:slovenčina
Fyzický popis:57 s. sch., tab. 29 cm
Vydavateľské údaje: Košice VŠV 1979
Vydanie:1. vyd.
Predmet:

MARC

LEADER 00000cam a2200000 a 4500
001 vtls001101292
003 SK-MaSNL
005 20260301153437.0
008 250313s1979 xo a 100 0 slo
015 |a SNBA1981 
035 |a SNK000044134 
035 |a urn:nbn:sk:snk-amlb2u 
035 |a urn:nbn:sk:snk-am00931e 
035 |a CB7C4BB8-0E71-4878-9BC6-1398D865EF7B 
040 |a SNK  |b slo  |c SNK  |e AACR2 
041 0 |a slo 
044 |a xo  |c SK 
080 |a 636.2.08:619(08)  |2 1981 
080 |a 619(08)  |2 1981 
080 |a 619  |2 1981 
080 |a 636.2.08(08)  |2 1981 
111 2 |a Aktuálne zdravotné a produkčné problémy hovädzieho dobytka v intenzívnych podmienkach chovu  |n (15. :  |d 1979 :  |c Košice, Slovensko)  |9 515027 
245 1 0 |a Aktuálne zdravotné a produkčné problémy hovädzieho dobytka v intenzívnych podmienkach chovu  |b 15. vedecká konferencia VŠV 
250 |a 1. vyd. 
260 |a Košice  |b VŠV  |c 1979 
300 |a 57 s.  |b sch., tab.  |c 29 cm 
650 0 7 |a hovädzí dobytok  |2 SNKPH  |9 2818 
655 7 |a zborníky  |2 SNKPH  |9 70165 
852 |a Slovenská národná knižnica 
958 |a OND 
958 |a RM 
999 |c 793009  |d 794939 
952 |a SNK  |b SNK  |y PREZ  |7 0  |p 17A0998521  |o snkSB 30380  |i snkKSP 6689/80  |0 0  |1 0  |4 0  |d 2014-10-24  |f 1  |l 0  |r 2025-04-03 00:00:00  |w 2026-02-24 
952 |a SNK  |b SNK  |y VYP  |7 0  |o snkSB 30380 D1  |i snkKSP 6690/80  |0 0  |1 0  |4 0  |d 2014-10-24  |l 0  |r 2026-02-24 01:44:00  |w 2026-02-24